Влияние на работу защиты от замыканий на землю средств для ограничения перенапряжений в сетях собственных нужд электростанций; Современные техника и технологии

Bibliografiske detaljer
Parent link:Современные техника и технологии.— 1997
Hovedforfatter: Балычев Я. И.
Andre forfattere: Танаев О. Ю.
Sprog:russisk
Udgivet: 1997
Fag:
Format: Book Chapter
KOHA link:https://koha.lib.tpu.ru/cgi-bin/koha/opac-detail.pl?biblionumber=49517

MARC

LEADER 00000naa2a2200000 4500
001 49517
005 20231031032606.0
035 |a (RuTPU)RU\TPU\book\51838 
035 |a RU\TPU\tpu\11022 
090 |a 49517 
100 |a 20030401d1997 k y0rusy50 ca 
101 0 |a rus 
102 |a RU 
200 1 |a Влияние на работу защиты от замыканий на землю средств для ограничения перенапряжений в сетях собственных нужд электростанций  |f Я. И. Балычев, О. Ю. Танаев 
463 1 |0 (RuTPU)RU\TPU\book\13018  |t Современные техника и технологии  |o труды 3 областной научно-практической конференции студентов, аспирантов и молодых ученых, Томск, 25-28 марта 1997 г  |o Секция 1. Энергетика  |f ТПУ  |d 1997  |p 148с 
610 1 |a труды учёных ТПУ 
675 |a 62.001.5(063)  |v 3 
700 1 |a Балычев  |b Я. И. 
701 1 |a Танаев  |b О. Ю. 
801 1 |a RU  |b 63413507  |c 20030206  |g PSBO 
801 2 |a RU  |b 63413507  |c 20120505  |g PSBO 
942 |c BK